| 000 | 01035cam a2200325 a 4500 | ||
|---|---|---|---|
| 001 | 6436 | ||
| 003 | FISKH | ||
| 005 | 20250502084334.0 | ||
| 008 | 951109s1997 caua j 000 1 eng | ||
| 010 | _a 95047861 | ||
| 020 | _a0152012842 | ||
| 020 | _a9780152163969 | ||
| 040 |
_aDLC _cDLC _dDLC _beng |
||
| 050 | _aPZ7.L7945 W | ||
| 082 | _a823.912 | ||
| 100 | 1 |
_aLocker, Thomas, _d1937- |
|
| 245 | 1 | 0 |
_aWater dance / _cThomas Locker. |
| 250 | _aFirst Voyager Books edition 2002 | ||
| 260 |
_aOrlando : _bHarcourt Brace & Company, _c1997. |
||
| 300 |
_a30 unnumbered pages : _bcolor illustrations ; _c23 x 28 cm |
||
| 505 | _aG | ||
| 520 | _aWater speaks of its existence in such forms as storm clouds, mist, rainbows, and rivers. Includes factual information on the water cycle. | ||
| 521 | 8 |
_a310
_bLexile |
|
| 521 | 8 |
_aG
_bRaz-Plus |
|
| 650 | 1 |
_aWater _xFiction. |
|
| 650 | 1 |
_aHydrologic cycle _xFiction. |
|
| 906 |
_a7 _bcbc _corignew _d1 _eocip _f19 _gy-gencatlg |
||
| 942 |
_2ddc _cBK _n0 |
||
| 999 |
_c6436 _d6436 |
||